000 00961nam0a22002651 4500
001 rc\3031558
005 20250806201645.0
035 _a(NLR Aleph) 007172475
090 _a13427
_c13427
100 _a20111001d1942 u y0rusy50 ca
101 0 _arus
102 _aRU
105 _ay z |||||
200 1 _aИнструкция по лечению ран
_fНар. ком. здравоохранения СССР. Гл. упр. эвакогоспиталей
210 _aКазань
_cМедгиз
_d1942
215 _a12 с.
_d23 см
300 _aНа 2-й с. текста: Инструкция разработана проф. И.Г. Руфановым
700 1 _aРуфанов
_bИ.Г.
_f1884-1964
_gИван Гурьевич
801 0 _aRU
_bNLR
_gpsbo
801 1 _aRU
_bELAR
_2rusmarc
852 _aNLR
_jМд40 Г-6/57
942 _cBOOK
945 _aРоссийская национальная библиотека
980 _aNB
980 _aBV